|
|
|
|
| LEADER |
01019nam a2200277 u 4500 |
| 001 |
10029902 |
| 003 |
upatras |
| 005 |
20210117210016.0 |
| 008 |
990907s1995 uk eng |
| 020 |
|
|
|a 0198557736
|
| 040 |
|
|
|a GR-PaULI
|c GR-PaULI
|
| 041 |
0 |
|
|a eng
|
| 082 |
0 |
4 |
|a 572.51
|
| 100 |
1 |
|
|a Fenton, David E.
|9 153438
|
| 245 |
1 |
0 |
|a Biocoordination chemistry
|c David E. Fenton
|
| 260 |
|
|
|a Oxford
|b Oxford University Press
|c 1995
|
| 300 |
|
|
|a 91 p.
|b fig.
|c 25 cm.
|
| 490 |
0 |
|
|a Oxford chemistry primers
|v 25
|
| 504 |
|
|
|a Includes bibliographical references and index
|
| 650 |
|
4 |
|a Βιοανόργανη χημεία
|9 375
|
| 760 |
0 |
|
|a Oxford chemistry primers
|g 25
|
| 852 |
|
|
|a GR-PaULI
|b ΠΑΤΡΑ
|b ΒΚΠ
|b ΒΣ1
|k ΑΣΧΞ
|h 572.51 F
|m 050433
|p 025000062972
|t 1
|
| 942 |
|
|
|2 ddc
|c BK15
|
| 952 |
|
|
|0 0
|1 0
|4 0
|6 572_510000000000000_F
|7 0
|9 198364
|a LISP
|b LISP
|c BSC
|d 2016-04-24
|i 050433
|l 4
|m 3
|o 572.51 F
|p 025000062972
|r 2020-09-22 00:00:00
|s 2020-02-21
|t 1
|w 2016-04-24
|y BK15
|
| 998 |
|
|
|c ΣΥΨΑ
|d 1999-09
|
| 999 |
|
|
|c 121804
|d 121804
|